| 000 | 00340nam a2200133Ia 4500 | ||
|---|---|---|---|
| 008 | 240624s9999 xx 000 0 und d | ||
| 041 | _aeng | ||
| 082 | _a519.5 ARK | ||
| 100 | _aARKES JEREMY | ||
| 245 | _aREGRESSION ANALYSIS A PRACTICAL INTRODUC | ||
| 260 |
_c2019 _aLondon _bRoutledge |
||
| 300 | _axx, 342 p.; 23 cm. | ||
| 365 |
_cBPS _b31 |
||
| 999 |
_c32061 _d32061 |
||